| 000 | 00718nam a22002417a 4500 | ||
|---|---|---|---|
| 003 | UA-OsUOA | ||
| 001 | 59089 | ||
| 007 | ta | ||
| 008 | 20090306b un ||||| |||| 00| 0 ukr d | ||
| 100 | _aДядечко Л.П. | ||
| 090 |
_a81"373"7 _bД93 |
||
| 942 | _cBK | ||
| 040 |
_aUA-OsUOA _brus _cUA-OsUOA _dUA-OsUOA |
||
| 245 |
_a"Крылатый слова звук" или Русская эптология _bУчебное пособие |
||
| 300 | _a336 с. | ||
| 955 | _a2 | ||
| 041 | _arus | ||
| 080 | _a81"373"7 | ||
| 020 | _a966-8571-25-8 | ||
| 260 |
_aК. _c2006 |
||
| 650 | 7 |
_a8 Мовознавство. Художня література. Літературознавство _2UDC |
|
| 999 |
_c345180 _d345180 |
||